द डाकेस्ट डेस्टिनी/ (Record no. 202084)

MARC details
000 -LEADER
fixed length control field 00797nam a22001937a 4500
005 - DATE AND TIME OF LATEST TRANSACTION
control field 20240424145251.0
010 ## - LCCN (DPL NO)
LC control number HIN-127319
020 ## - INTERNATIONAL STANDARD BOOK NUMBER
International Standard Book Number 9789392607257
Terms of availability 350.00
035 ## - SYSTEM CONTROL NUMBER
System control number HN-99665
037 ## - SOURCE OF ACQUISITION
Source of stock number/acquisition DBAD
082 ## - DEWEY DECIMAL CLASSIFICATION NUMBER
Classification number
100 ## - MAIN ENTRY--PERSONAL NAME
Personal name राजकुमारी
245 ## - TITLE STATEMENT
Title द डाकेस्ट डेस्टिनी/
Statement of responsibility, etc राजकुमारी
250 ## - EDITION STATEMENT
Edition statement 1
260 ## - PUBLICATION, DISTRIBUTION, ETC. (IMPRINT)
Place of publication, distribution, etc राजस्थान
Name of publisher, distributor, etc देवसाक्षी पब्लिकेशन
Date of publication, distribution, etc 2024
270 ## - ADDRESS
Address देवकुंज वार्ड नंबर-11 नजदीक पुरानी मस्जिद हनुमानगढ़
City राजस्थान
Postal code 335524
300 ## - PHYSICAL DESCRIPTION
Extent 195पृ;
Dimensions 22 सेमी (अजिल्द)
942 ## - ADDED ENTRY ELEMENTS (KOHA)
Institution code [OBSOLETE] dpl
Item type Hindi Books
Source of classification or shelving scheme Dewey Decimal Classification
Classification part
Call number suffix राजकु
Holdings
Withdrawn status Lost status Not for loan Collection code Home library Current library Date acquired Source of acquisition Cost, normal purchase price Full call number Barcode Copy number Cost, replacement price Koha item type
      Fiction Bawana Bawana 10/04/2024 DBAD 350.00 उ राजकु HN-99665 1 350.00 Hindi Books

© Delhi Public Library
Hit Counter
free hit counter